Central Library OPAC University of Rajshahi

The mathematical theory of black holes / (Record no. 8922)

MARC details
000 -LEADER
fixed length control field 01111cam a2200313 a 4500
001 - CONTROL NUMBER
control field 8922
003 - CONTROL NUMBER IDENTIFIER
rucl marc code BD-RjUL
005 - DATE AND TIME OF LATEST TRANSACTION
control field 20211208234659.0
008 - FIXED-LENGTH DATA ELEMENTS--GENERAL INFORMATION
fixed length control field 140119s1983 enka b 001 0 eng
020 ## - INTERNATIONAL STANDARD BOOK NUMBER
International Standard Book Number 0198512910
035 ## - SYSTEM CONTROL NUMBER
System control number (BD-RjUL)8967
040 ## - CATALOGING SOURCE
Original cataloging agency DLC
Transcribing agency DLC
Modifying agency BD-RjUL
Language of cataloging eng
041 ## - LANGUAGE CODE
Language code of text/sound track or separate title eng
082 00 - DEWEY DECIMAL CLASSIFICATION NUMBER
Classification number 523
Edition number 19
Author mark and year CHM 1983
100 1# - MAIN ENTRY--PERSONAL NAME
Personal name Chandrasekhar, S.
Fuller form of name (Subrahmanyan),
Dates associated with a name 1910-1995.
9 (RLIN) 27721
245 14 - TITLE STATEMENT
Title The mathematical theory of black holes /
Statement of responsibility, etc. S. Chandrasekhar.
260 ## - PUBLICATION, DISTRIBUTION, ETC. (IMPRINT)
Place of publication, distribution, etc. Oxford [Oxfordshire] ;
Name of publisher, distributor, etc. Clarendon Press ;
Place of publication, distribution, etc. New York :
Name of publisher, distributor, etc. Oxford University Press,
Date of publication, distribution, etc. c1983.
300 ## - PHYSICAL DESCRIPTION
Pagination xxi, 646 p. :
Illustrations ill. ;
Size 24 cm.
490 1# - SERIES STATEMENT
Series statement The International series of monographs on physics ;
Volume/sequential designation 69
504 ## - BIBLIOGRAPHY, ETC. NOTE
Bibliography, etc Includes bibliographical references and index.
650 #0 - SUBJECT ADDED ENTRY--TOPICAL TERM
Topical term or geographic name as entry element Black holes (Astronomy)
General subdivision Mathematics.
9 (RLIN) 27722
Topical term or geographic name as entry element Kerr black holes.
9 (RLIN) 27723
Topical term or geographic name as entry element Space and time
General subdivision Mathematics.
9 (RLIN) 27724
830 #0 - SERIES ADDED ENTRY--UNIFORM TITLE
Volume number/sequential designation 69.
Uniform title International series of monographs on physics (Oxford, England) ;
942 ## - ADDED ENTRY ELEMENTS (KOHA)
Source of classification or shelving scheme Dewey Decimal Classification
Koha item type Books
Holdings
Lost status Source of classification or shelving scheme Damaged status Not for loan Collection code Permanent Location Current Location Shelving location Date acquired Source of acquisition Total Checkouts Full call number Date last seen Copy number Koha item type
  Dewey Decimal Classification   Not For Loan Non-fiction Central Library, University of Rajshahi Central Library, University of Rajshahi   31/05/1988 Asia Foundation   523 CHM 1983 19/01/2014 C-1 Books